000 00519nam a2200193Ia 4500
003 OSt
005 20241001155525.0
008 210210b1992 xxu||||| |||| 00| 0 eng d
040 _cAL
041 _aKannada
082 _a502K SARC
100 _aSARVAMANGALA.
_dಸರ್ವಮಂಗಳ
_9181106
245 _aChetana jnanakosha.
_bಚೇತನ ಜ್ಞಾನಕೋಶ.
260 _aMaisuru
_bAkhila Eajansis.,
_c1992
300 _avi,400
690 _aPure Sciences
_9181107
906 _a051221
942 _2ddc
_cBK
999 _c99897
_d99897